Arqueología : Revista de la Dirección de Arqueología del Instituto Nacional de Antropología e Historia : enero-junio 1989 /
Spremljeno u:
| Daljnji autori: | , |
|---|---|
| Format: | Knjiga |
| Jezik: | španjolski |
| Teme: | |
| Oznake: |
Bez oznaka, Budi prvi tko označuje ovaj zapis!
|
MARC
| LEADER | 00000nam^a2200000^a^4500 | ||
|---|---|---|---|
| 001 | 000186823 | ||
| 005 | 20250521000000.0 | ||
| 009 | 20260310102240.22 | ||
| 022 | |a 0187-6074 | ||
| 037 | |a Acervo ITESO - Biblioteca | ||
| 041 | |a ESP | ||
| 082 | |a 972. 01 |b ARQ S. 2 V. 1 | ||
| 240 | 1 | 1 | |a [Arqueología] |
| 245 | 0 | 0 | |a Arqueología : |b Revista de la Dirección de Arqueología del Instituto Nacional de Antropología e Historia : enero-junio 1989 / |c Ed. de A.G. Mastache F., J. Angulo V. |
| 264 | |a México : |b INAH, Dirección de Monumentos Prehispánicos : |b CONACULTA, |c 1989 | ||
| 300 | |a 121 p. | ||
| 336 | |a texto |b txt |2 rdacontenido | ||
| 337 | |a sin mediación |b n |2 rdamedio | ||
| 338 | |a volumen |b nc |2 rdasoporte | ||
| 649 | |a XX | ||
| 650 | |a Olmecas - |x Historia | ||
| 650 | |a Pipiles - |x Historia | ||
| 650 | |a Huastecos - |x Historia | ||
| 650 | |a Nahuas - |x Historia | ||
| 650 | |a Indígenas de México - |x Historia - |y Epoca Prehispánica | ||
| 650 | |a Migración - |z México - |x Historia - |y Epoca Prehispánica | ||
| 650 | |a Juegos de Pelota Prehispánicos - |z México (Ciudad) - |x Historia - |y Epoca Prehispánica | ||
| 650 | |a Instalaciones Hidráulicas - |z México (Ciudad) - |x Historia - |y Epoca Prehispánica | ||
| 650 | |a Pintura Rupestre - |z Cuauhtochco, Veracruz - |x Historia y Crítica | ||
| 650 | |a Escultura Olmeca - |z Tlaxcala - |x Historia y Crítica | ||
| 650 | |a Arte Funerario - |z Chilpancingo, Guerrero - |x Historia - |y Epoca Prehispánica | ||
| 650 | |a Arte Funerario - |z Mitla, Oaxaca - |x Historia - |y Epoca Prehispánica | ||
| 650 | |a Arte Prehispánico - |z México - |x Historia y Crítica | ||
| 650 | |a Arte Mexicano - |x Historia y Crítica | ||
| 650 | |a Arqueología - |z México - |x Publicaciones Periódicas | ||
| 650 | |a México - |x Historia - |y Epoca Prehispánica - |x Publicaciones Periódicas | ||
| 650 | |a Publicaciones Periódicas Mexicanas | ||
| 700 | |a Mastache F., Alba Guadalupe |e (edición) | ||
| 700 | |a Angulo V., Jorge |e (edición) | ||
| 910 | |a Fondo General | ||
| 920 | |a Impresos - Libros | ||
| 930 | |a Colección General | ||
| 905 | |a 101 | ||
| 901 | |a 0500128551 |b IT1 |c ACC |u 20250521 | ||
| 902 | |a https://opac.biblio.iteso.mx/vufind/Record/000186823 | ||